000 00312nam a22001337a 4500
003 OSt
005 20220105110433.0
008 220105b |||||||| |||| 00| 0 eng d
020 _a354066548X
040 _cHU
082 _a006.3 PRO 1999
245 _aProgress in Artificial Intelligence
942 _2ddc
_cBOOKS
_n0
999 _c26125
_d26125